000 00308nam a2200133 i 4500
001 bg
100 1 _aSZEMBERG, Tomira
245 0 _aTworzywa ceramiczne /
_cTomira Szemberg.
260 _aCzęstochowa,
_c1981.
040 _cBPK
041 _apol
942 _cKS
008 s pl f |000 0 pol
999 _c20429
_d20429
856 _uhttp://koha.tu.koszalin.pl/cgi-bin/koha/opac-detail.pl?biblionumber=20429
_yKatalog online BPK